000 00663nam a2200217 4500
003 LK-CoMWRAF
005 20230921140213.0
008 230921b1994 |||||||| |||| 00| 0 eng d
020 _a0452274303
040 _aLK-CoMWRAF
_dLK-CoMWRAF
_eLK-CoMWRAF
041 _aeng
082 _a305.48
_bGOO
100 _a Goodwin, Jan
245 _aPrice of Honor:
_bMuslim Women lift the veil of silence on the Islamic World
260 _aNew York:
_bPlume,
_c1994
300 _aviii, 363 p. : map ; 25 cm
_bIndex included
650 _aMUSLIM WOMEN
650 _aWomen - Legal status, laws, (Islamic law)
650 _aMiddle East -- Social conditions
942 _cBK
999 _c3589
_d3589